<?xml version="1.0" encoding="UTF-8"?>
<record
    xmlns:xsi="http://www.w3.org/2001/XMLSchema-instance"
    xsi:schemaLocation="http://www.loc.gov/MARC21/slim http://www.loc.gov/standards/marcxml/schema/MARC21slim.xsd"
    xmlns="http://www.loc.gov/MARC21/slim">

  <leader>00384    a2200109   4500</leader>
  <controlfield tag="001">ART_10822</controlfield>
  <controlfield tag="005">20260410161851.0</controlfield>
  <controlfield tag="008">260409a                                 </controlfield>
  <datafield tag="245" ind1="1" ind2="0">
    <subfield code="a">La Corte aclar&#xF3; las viejas discuciones sobre los abortos no punibles</subfield>
  </datafield>
  <datafield tag="100" ind1="1" ind2=" ">
    <subfield code="a">Figueroa, Francisco</subfield>
  </datafield>
  <datafield tag="773" ind1="0" ind2=" ">
    <subfield code="t">Derecho Penal</subfield>
    <subfield code="g">Aborto. Muerte digna. Infanticido - A&#xF1;o I, N&#xBA; 2 (sep. 2012)</subfield>
    <subfield code="w">REV10351</subfield>
  </datafield>
  <datafield tag="999" ind1=" " ind2=" ">
    <subfield code="c">24979</subfield>
    <subfield code="d">24979</subfield>
  </datafield>
</record>
